<?xml version="1.0" encoding="UTF-8"?><?xml-stylesheet type="text/xsl" href="static/style.xsl"?><OAI-PMH xmlns="http://www.openarchives.org/OAI/2.0/" xmlns:xsi="http://www.w3.org/2001/XMLSchema-instance" xsi:schemaLocation="http://www.openarchives.org/OAI/2.0/ http://www.openarchives.org/OAI/2.0/OAI-PMH.xsd"><responseDate>2026-04-17T23:16:32Z</responseDate><request verb="GetRecord" identifier="oai:riubu.ubu.es:10259/4935" metadataPrefix="marc">https://riubu.ubu.es/oai/request</request><GetRecord><record><header><identifier>oai:riubu.ubu.es:10259/4935</identifier><datestamp>2021-11-10T09:38:18Z</datestamp><setSpec>com_10259_3844</setSpec><setSpec>com_10259_5086</setSpec><setSpec>com_10259_2604</setSpec><setSpec>col_10259_3845</setSpec></header><metadata><record xmlns="http://www.loc.gov/MARC21/slim" xmlns:doc="http://www.lyncode.com/xoai" xmlns:xsi="http://www.w3.org/2001/XMLSchema-instance" xmlns:dcterms="http://purl.org/dc/terms/" xsi:schemaLocation="http://www.loc.gov/MARC21/slim http://www.loc.gov/standards/marcxml/schema/MARC21slim.xsd">
<leader>00925njm 22002777a 4500</leader>
<datafield tag="042" ind1=" " ind2=" ">
<subfield code="a">dc</subfield>
</datafield>
<datafield tag="720" ind1=" " ind2=" ">
<subfield code="a">Martin Yerga, Daniel .</subfield>
<subfield code="e">author</subfield>
</datafield>
<datafield tag="720" ind1=" " ind2=" ">
<subfield code="a">Pérez Junquera, Alejandro .</subfield>
<subfield code="e">author</subfield>
</datafield>
<datafield tag="720" ind1=" " ind2=" ">
<subfield code="a">González García, Maria Begoña .</subfield>
<subfield code="e">author</subfield>
</datafield>
<datafield tag="720" ind1=" " ind2=" ">
<subfield code="a">Perales Rondon, Juan Víctor</subfield>
<subfield code="e">author</subfield>
</datafield>
<datafield tag="720" ind1=" " ind2=" ">
<subfield code="a">Heras, Aránzazu</subfield>
<subfield code="e">author</subfield>
</datafield>
<datafield tag="720" ind1=" " ind2=" ">
<subfield code="a">Colina, Álvaro</subfield>
<subfield code="e">author</subfield>
</datafield>
<datafield tag="720" ind1=" " ind2=" ">
<subfield code="a">Hernández Santos, David .</subfield>
<subfield code="e">author</subfield>
</datafield>
<datafield tag="720" ind1=" " ind2=" ">
<subfield code="a">Fanjul Bolado, Pablo .</subfield>
<subfield code="e">author</subfield>
</datafield>
<datafield tag="260" ind1=" " ind2=" ">
<subfield code="c">2018-02</subfield>
</datafield>
<datafield tag="520" ind1=" " ind2=" ">
<subfield code="a">Surface enhanced Raman scattering (SERS) is a powerful technique based on the intensification of the Raman signal because of the interaction of a molecule with a nanostructured metal surface. Electrochemically roughened silver has been widely used as SERS substrate in the qualitative detection of analytes at the ultra-trace level. However, its potential for quantitative analysis has not been widely exploited yet. In this work, the combination of time-resolved Raman spectroelectrochemistry with silver screen-printed electrodes (SPE) is proposed as a novel methodology for the preparation of SERS substrates. The in situ activation of a SERS substrate is performed simultaneously with the analytical detection of a probe molecule, controlling the process related to the preparation of the substrate and performing the analytical measurement in real time. The results show the good performance of silver SPE as electrochemically-induced surface-enhanced Raman scattering substrates. Raman spectra were recorded at fairly low integration times (250 ms), obtaining useful spectroelectrochemical information of the processes occurring at the SPE surface with excellent time-resolution. By recording the microscopic surface images at different times during the experiment, we correlated the different data obtained: structural, optical and electrochemical. Finally, the in situ activation process was used to obtain a suitable in situ SERS signal for ferricyanide and tris(bipyridine)ruthenium (II) quantification. The detection of the analytes at concentrations of a few tens of nM was possible with a low integration time (2 s) and good precision, demonstrating the exceptional performance of the Raman spectroelectrochemical method and the possibility to use cost-effective screen-printed electrodes for applications where a high sensitivity is needed.</subfield>
</datafield>
<datafield tag="024" ind2=" " ind1="8">
<subfield code="a">0013-4686</subfield>
</datafield>
<datafield tag="024" ind2=" " ind1="8">
<subfield code="a">http://hdl.handle.net/10259/4935</subfield>
</datafield>
<datafield tag="024" ind2=" " ind1="8">
<subfield code="a">10.1016/j.electacta.2018.01.060</subfield>
</datafield>
<datafield ind1=" " ind2=" " tag="653">
<subfield code="a">Surface-enhanced Raman scattering</subfield>
</datafield>
<datafield ind1=" " ind2=" " tag="653">
<subfield code="a">Screen-printed electrodes</subfield>
</datafield>
<datafield ind1=" " ind2=" " tag="653">
<subfield code="a">Electrochemistry</subfield>
</datafield>
<datafield ind1=" " ind2=" " tag="653">
<subfield code="a">Raman spectroelectrochemistry</subfield>
</datafield>
<datafield tag="245" ind1="0" ind2="0">
<subfield code="a">Quantitative Raman spectroelectrochemistry using silver screen-printed electrodes</subfield>
</datafield>
</record></metadata></record></GetRecord></OAI-PMH>